E-conveyancing: solicitors deploy a rapid response unit (Record no. 72198)

MARC details
000 -LEADER
fixed length control field 01311cam a2200217 4500
001 - CONTROL NUMBER
control field ABS66474
008 - FIXED-LENGTH DATA ELEMENTS--GENERAL INFORMATION
fixed length control field 030304n2003 000 0 eng u
035 ## - SYSTEM CONTROL NUMBER
System control number (Sirsi) u121487
100 ## - MAIN ENTRY--PERSONAL NAME
Personal name Norwood, G.
245 ## - TITLE STATEMENT
Title E-conveyancing: solicitors deploy a rapid response unit
260 ## - PUBLICATION, DISTRIBUTION, ETC.
Date of publication, distribution, etc. 2003
490 ## - SERIES STATEMENT
Series statement Estates Gazette
Volume/sequential designation (0302) 11 January 2003, 90-91(2)
520 ## - SUMMARY, ETC.
Summary, etc. Looks at the expansion of a Glasgow-based private property search company into England at the end of 2002 as an example of the gathering momentum of e-conveyancing. OneSearch has a 50% share of Scotland's residential conveyancing market, undertaking 400 000 searches since the company's inception in 1992. It will compete very strongly with the government's favoured system - the National Land Information Service - although it is currently constrained by the fact that 30% of mortgage lenders refuse to recognise searches carried out by private search companies. Discusses whether or not e-conveyancing will make sellers' packs redundant.
590 ## - LOCAL NOTE (RLIN)
Local note ABS
650 ## - SUBJECT ADDED ENTRY--TOPICAL TERM
Topical term or geographic name entry element PROPERTY-RESIDENTIAL PROPERTY-ACQUISITION AND DISPOSAL OF RESIDENTIAL PROPERTY
650 ## - SUBJECT ADDED ENTRY--TOPICAL TERM
Topical term or geographic name entry element RESIDENTIAL SALES
650 ## - SUBJECT ADDED ENTRY--TOPICAL TERM
Topical term or geographic name entry element NATIONAL LAND INFORMATION SERVICE
650 ## - SUBJECT ADDED ENTRY--TOPICAL TERM
Topical term or geographic name entry element HOME INFORMATION PACKS
690 ## - LOCAL SUBJECT ADDED ENTRY--TOPICAL TERM (OCLC, RLIN)
Topical term or geographic name as entry element PROPERTY AND LAND LAW-CONVEYANCING
942 ## - ADDED ENTRY ELEMENTS (KOHA)
Suppress in OPAC 0
Holdings
Withdrawn status Lost status Source of classification or shelving scheme Damaged status Not for loan Home library Current library Shelving location Date acquired Total Checkouts Full call number Barcode Date last seen Copy number Price effective from Koha item type
    Dewey Decimal Classification     London London Journal article 04/03/2003   ABS66474 121487-1001 06/08/2019 1 06/08/2019 Journal article